Central Library OPAC University of Rajshahi

رسوم دهلى # # / Rusūm-i Dihlī / (Record no. 80640)

MARC details
000 -LEADER
fixed length control field 00731naa a22002051a 4500
003 - CONTROL NUMBER IDENTIFIER
rucl marc code BD-RjUL
005 - DATE AND TIME OF LATEST TRANSACTION
control field 20221027104755.0
008 - FIXED-LENGTH DATA ELEMENTS--GENERAL INFORMATION
fixed length control field 221027s1962 pk ||||| |||| 00| 0 urd d
035 ## - SYSTEM CONTROL NUMBER
System control number (BD-RjUL)
040 ## - CATALOGING SOURCE
Original cataloging agency BD-RjUL
Language of cataloging eng
Transcribing agency BD-RjUL
041 ## - LANGUAGE CODE
Language code of text/sound track or separate title urd
082 ## - DEWEY DECIMAL CLASSIFICATION NUMBER
Edition number 23
Classification number 392
Author mark and year DER 1962
100 ## - MAIN ENTRY--PERSONAL NAME
Personal name دهلوي, سيد احمد # # Dehlawi, Syed Ahmed
Dates associated with a name 1846-1918
9 (RLIN) 5526
245 ## - TITLE STATEMENT
Title رسوم دهلى # # / Rusūm-i Dihlī /
Statement of responsibility, etc. سيد احمد دهلوى # # Syed Ahmed Dehlawi
260 ## - PUBLICATION, DISTRIBUTION, ETC. (IMPRINT)
Place of publication, distribution, etc. Karachi :
Name of publisher, distributor, etc. اردو اكادمى، ،Urdu ekademi ,
Date of publication, distribution, etc. 1962
300 ## - PHYSICAL DESCRIPTION
Pagination 220 p. ;
Size 18 p. ;
650 ## - SUBJECT ADDED ENTRY--TOPICAL TERM
Topical term or geographic name as entry element Social life and customs
Geographic subdivision Delhi (India)
9 (RLIN) 5527
Topical term or geographic name as entry element Muslims
Form subdivision Social life and customs
Geographic subdivision Delhi
9 (RLIN) 5528
942 ## - ADDED ENTRY ELEMENTS (KOHA)
Source of classification or shelving scheme Dewey Decimal Classification
Koha item type Books
Holdings
Lost status Source of classification or shelving scheme Damaged status Not for loan Collection code Permanent Location Current Location Shelving location Date acquired Source of acquisition Cost, normal purchase price Total Checkouts Full call number Date last seen Copy number Koha item type
  Dewey Decimal Classification   Not For Loan Non-fiction Central Library, University of Rajshahi Central Library, University of Rajshahi Reading Room 12/05/1967 Md. Mubarak Ali 6.00   U 392 DER 1962 27/10/2022 C-1 Books